000
00293nam a22001217a 4500
008
230629b xxu||||| |||| 00| 0 eng d
082
_a
335.43
_b
SCH
100
_c
Fritz Schatten
245
_a
Communism in Africa
260
_b
George Allen & unwin Ltd
_c
1966
300
_a
352p
942
_2
ddc
_c
BK
999
_c
2956
_d
2956